Jones v Kaney (Record no. 83010)

MARC details
000 -LEADER
fixed length control field 01097cad a22001815a 4500
001 - CONTROL NUMBER
control field L152587
008 - FIXED-LENGTH DATA ELEMENTS--GENERAL INFORMATION
fixed length control field 110330e20110330xxk 000 0 eng d
035 ## - SYSTEM CONTROL NUMBER
System control number (Sirsi) u152587
041 0# - LANGUAGE CODE
Language code of text/sound track or separate title eng
245 00 - TITLE STATEMENT
Title Jones v Kaney
Medium [electronic resource]
260 ## - PUBLICATION, DISTRIBUTION, ETC.
Date of publication, distribution, etc. 2011
520 ## - SUMMARY, ETC.
Summary, etc. [2011] UKSC 13, 30 March 2011. Appellant J challenged the rule that an expert witness enjoyed immunity from any fom of civil action arising from evidence given in the course of proceedings. Considers whether public policy justifies granting immunity from liability in negligence to an expert witness in relation to the performance of his/her professional duties. Held: appeal allowed. Immunity from suit for breach of duty (whether in contract or in negligence) should be abolished.
590 ## - LOCAL NOTE (RLIN)
Local note KA NTK
651 #4 - SUBJECT ADDED ENTRY--GEOGRAPHIC NAME
Geographic name ENGLAND AND WALES
690 ## - LOCAL SUBJECT ADDED ENTRY--TOPICAL TERM (OCLC, RLIN)
Topical term or geographic name as entry element MANAGEMENT-DISPUTE AVOIDANCE, MANAGEMENT AND RESOLUTION-DISPUTE MANAGEMENT AND RESOLUTION-EXPERT WITNESSES
856 40 - ELECTRONIC LOCATION AND ACCESS
Uniform Resource Identifier <a href="https://www.supremecourt.gov.uk/docs/UKSC_2010_0034_Judgment.pdf">https://www.supremecourt.gov.uk/docs/UKSC_2010_0034_Judgment.pdf</a>
Public note View the law report free of charge at www.supremecourt.gov.uk
942 ## - ADDED ENTRY ELEMENTS (KOHA)
Suppress in OPAC 0
Holdings
Withdrawn status Lost status Source of classification or shelving scheme Damaged status Not for loan Home library Current library Shelving location Date acquired Total Checkouts Full call number Barcode Date last seen Copy number Price effective from Koha item type
    Dewey Decimal Classification     Virtual Virtual Online 30/03/2011   ONLINE PUBLICATION 152587-2001 06/08/2019 1 06/08/2019 Law report